Beethoven: las grandes épocas creadoras

I tiakina i:
Ngā taipitopito rārangi puna kōrero
Kaituhi matua: Rolland, Romain (Author)
Hōputu: Pukapuka
Reo:Pāniora
I whakaputaina: Buenos Aires Hachette 1951
Rangatū:Colección Numen
Ngā marau:
Ngā Tūtohu: Tāpirihia he Tūtohu
Kāore He Tūtohu, Me noho koe te mea tuatahi ki te tūtohu i tēnei pūkete!

MARC

LEADER 00000nam a2200000 a 4500
001 UCN1179
003 CL-VaPUC
008 010420e19510000AG |||||||||||||||||spa|d
082 0 4 |a 780.92  |b ROL  |2 21 
100 0 |a Rolland, Romain  |e author  |9 456621 
245 1 0 |a Beethoven: las grandes épocas creadoras 
300 |a v 
942 |c BK 
945 |d 20010420 00:00:00  |a crobeson 
260 |a Buenos Aires  |b Hachette  |c 1951 
500 |a v.1: De la Heroica a la Appassionata 
500 |a v.2: Goethe y Beethoven 
500 |a v.3: El Canto de la Resurrección, la Misa Solemne y las últimas sonatas 
500 |a v.4: La Catedral Interrumpida, la Novena Sinfonía - los últimos cuartetos 
500 |a v.5: La Catedral Interrumpida, Finita Comedia - las amadas de Beethoven 
600 0 |a Beethoven, Ludwig van  |d 1770​-1827  |e compositor  |9 306286 
650 0 |a Compositores alemanes  |9 324765 
583 |a last modification  |c 20010420 00:00:00  |k Rodrigo Vera 
490 0 |a Colección Numen 
999 |c 294754  |d 294752 
952 |0 0  |1 0  |4 0  |6 780_920000000000000_ROL_1951  |7 0  |8 A  |9 347466  |a BIBEDU  |b BIBEDU  |d 2019-11-20  |h v.1  |i 1248936  |o 780.92 ROL 1951  |p 1248936  |r 2023-01-12  |w 2019-11-20  |y BK  |k MUS 
952 |0 0  |1 0  |4 0  |6 780_920000000000000_ROL_1951  |7 0  |8 A  |9 347467  |a BIBEDU  |b BIBEDU  |d 2019-11-20  |h v.2  |i 1248944  |o 780.92 ROL 1951  |p 1248944  |r 2023-01-12  |w 2019-11-20  |y BK  |k MUS 
952 |0 0  |1 0  |4 0  |6 780_920000000000000_ROL_1951  |7 0  |8 A  |9 347468  |a BIBEDU  |b BIBEDU  |d 2019-11-20  |h v.3  |i 1248952  |o 780.92 ROL 1951  |p 1248952  |r 2023-01-12  |w 2019-11-20  |y BK  |k MUS 
952 |0 0  |1 0  |4 0  |6 780_920000000000000_ROL_1951  |7 0  |8 A  |9 347469  |a BIBEDU  |b BIBEDU  |d 2019-11-20  |h v.4  |i 1248960  |o 780.92 ROL 1951  |p 1248960  |r 2023-01-12  |w 2019-11-20  |y BK  |k MUS 
952 |0 0  |1 0  |4 0  |6 780_920000000000000_ROL_1951  |7 0  |8 A  |9 347470  |a BIBEDU  |b BIBEDU  |d 2019-11-20  |h v.5  |i 1248979  |o 780.92 ROL 1951  |p 1248979  |r 2023-01-12  |w 2019-11-20  |y BK  |k MUS